|
|
|
|
| LEADER |
01489nam a2200433 a 4500 |
| 001 |
nkc20061691385 |
| 003 |
CZ PrNK |
| 005 |
20070308095539.0 |
| 007 |
ta |
| 008 |
061003s2006 xr ac e 000 1ccze |
| 015 |
|
|
|a cnb001691385
|
| 020 |
|
|
|a 80-7363-093-1
|q (Dokořán :
|q váz.) :
|c Kč 265,00
|
| 020 |
|
|
|a 80-86643-20-4
|q (Jaroslava Jiskrová - Máj :
|q váz.)
|
| 035 |
|
|
|a (OCoLC)81249973
|
| 040 |
|
|
|a OLA001
|b cze
|d ABA001
|
| 041 |
1 |
|
|a cze
|h eng
|
| 045 |
|
|
|a x9y0
|
| 072 |
|
7 |
|a 929
|x Biografie
|2 Konspekt
|9 8
|
| 080 |
|
|
|a 929
|2 MRF
|
| 080 |
|
|
|a 7.071
|2 MRF
|
| 080 |
|
|
|a (047.53)
|2 MRF
|
| 100 |
1 |
|
|a Hrbek, David,
|d 1968-
|7 jn20000401069
|4 aut
|4 ivr
|
| 245 |
1 |
0 |
|a Všechno je sázka :
|b scénické rozhovory /
|c David Hrbek
|
| 250 |
|
|
|a 1. vyd.
|
| 260 |
|
|
|a Praha :
|b Dokořán :
|b Máj :
|b Švandovo divadlo na Smíchově,
|c 2006
|
| 300 |
|
|
|a 223 s. :
|b il., portréty ;
|c 22 cm
|
| 500 |
|
|
|a Část. přeloženo z angličtiny?
|
| 648 |
|
7 |
|a 20.-21. století
|7 ch462155
|2 czenas
|
| 650 |
0 |
7 |
|a osobnosti
|7 ph115615
|y 20.-21. stol.
|2 czenas
|
| 650 |
0 |
7 |
|a umělci
|7 ph116527
|y 20.-21. stol.
|2 czenas
|
| 650 |
0 |
9 |
|a celebrities
|y 20th-21st centuries
|2 eczenas
|
| 650 |
0 |
9 |
|a artists
|y 20th-21st centuries
|2 eczenas
|
| 655 |
|
7 |
|a rozhovory
|7 fd133303
|2 czenas
|
| 655 |
|
9 |
|a interviews
|2 eczenas
|
| 910 |
2 |
|
|a BOA001
|b 2-1172.123
|
| 990 |
|
|
|a BK
|
| 995 |
|
|
|a 01
|
| 991 |
|
|
|b 200610
|
| 996 |
6 |
|
|b 2610291577
|c 2-1172.123
|l MZK
|r Sklad / do 1 hodiny
|n 1
|p p.v.
|w 000828010
|u 000010
|a 1
|e BOA001
|j MZK50
|s P
|